Κατάλογος Βιβλιοθηκών Mediterranean College

Economics / Theory and Practice: Fourth Edition (Record no. 2652)

MARC details
000 -LEADER
fixed length control field 01327cam a22002174a 4500
005 - ΗΜΕΡΟΜΗΝΙΑ ΚΑΙ ΩΡΑ ΤΕΛΕΥΤΑΙΑΣ ΕΝΗΜΕΡΩΣΗΣ
Πεδίο ελέγχου 20250605164049.0
008 - FIXED-LENGTH DATA ELEMENTS--GENERAL INFORMATION
Πεδίο ελέγχου σταθερού μήκους 250528s ||||||||||||||||||||||||d
035 ## - SYSTEM CONTROL NUMBER
System control number 17219
020 ## - ISBN
ISBN 30552389
040 ## - ΠΗΓΗ ΚΑΤΑΛΟΓΟΓΡΑΦΗΣΗΣ
Φορέας πρωτότυπης καταλογογράφησης MC Athens Campus Library
Γλώσσα καταλογογράφησης Ελληνικά, Μοντέρνα (1453-)
Modifying agency MC Athens Campus Library
Κανόνες περιγραφικής καταλογογράφησης AACR2
245 1# - ΤΙΤΛΟΣ ΚΑΙ ΔΗΛΩΣΗ ΥΠΕΥΘΥΝΟΤΗΤΑΣ
Τίτλος Economics / Theory and Practice: Fourth Edition
250 ## - EDITION STATEMENT
Edition statement 4th
260 ## - PUBLICATION, DISTRIBUTION, ETC.
Name of publisher, distributor, etc. The Dryden Press,
Date of publication, distribution, etc. 1992
300 ## - PHYSICAL DESCRIPTION
Extent 676
520 ## - SUMMARY, ETC.
Summary, etc. Introduction to Economics, Economic Decision Making and Economic Systems, Demand and Supply and the Determination of Price, The Macroeconomy, Goals and Problems of the Macroeconomy: Employment and Prices and Production, Foundations of the Macroeconomy, The Role of Government in the Macroeconomy, Money and Financial Institutions and the Federal Reserve, Money and Creation and Monetary Theory and Monetary Policy, Assessing Goals and Tools and Policies in the Macroeconomy, The Microeconomy, Households and Businesses: An Overview, Benefits and Costs and Maximization, Production and the Costs of Production, Competition and Market Structures, Government and the Markets, Labor Markets and Unions and the Distribution of Income, The International Economy, International Trade, International Finance.
700 1# - ΠΡΟΣΘΕΤΗ ΑΝΑΓΡΑΦΗ--ΦΥΣΙΚΟ ΠΡΟΣΩΠΟ
Personal name Welch Gerry F
9 (RLIN) 3384
700 1# - ΠΡΟΣΘΕΤΗ ΑΝΑΓΡΑΦΗ--ΦΥΣΙΚΟ ΠΡΟΣΩΠΟ
Personal name Welch Patrick J
9 (RLIN) 3385
942 ## - ADDED ENTRY ELEMENTS (KOHA)
Koha item type Books
Holdings
Τύπος τεκμηρίου Βιβλιοθήκη Τρέχουσα τοποθεσία Barcode Αριθμός εισαγωγής Ημερομηνία απόκτησης Ταξιθετικό σύμβολο Αριθμός αντιτύπου Κατάσταση απόσυρσης Κατάσταση χαμένου Κατάσταση κατεστραμμένου Μη δανεισμός Σύνολο δανεισμών Ημερομηνία τελευταίας εμφάνισης Η τιμή ισχύει από
Books MC Athens Campus Library MC Athens Campus Library 9780000026514 8833 05/06/2025 330 WEL 1           05/06/2025 05/06/2025

MC Athens Campus Library
Πατησίων 94 & Κοδριγκτώνος 13, 104 34
Πελλήνης 8 & Πατησίων 107, 112 51
Τ: +30 210 8899600

MC Thessaloniki Campus Library
Ίωνος Δραγούμη 21, 54625 | Ίωνος Δραγούμη 15, 54625
Τ: +30 2310 287779 – Τ: +30 2314 440300